000 00806nam a2200265Ia 4500
003 OSt
005 20220925223526.0
006 a|||||r|||| 00| 0
007 ta
008 220923b |||||||| |||| 00| 0 eng d
020 _a0415285275
_c144.5
037 _bRKBA\08-09\3666, 16/03/2009, RAJKIRAN BOOK AGENCY
_cGeneral Book
040 _aRTL
_cRTL
_beng
041 _2eng
_aeng
082 _aYxNo3B:g, P2
100 _aJenkins Richard.
245 0 _aPierre bourdieu.
260 _aLondon
_bRoutledge
_c2002
300 _axxii, 190p.
_ccm.
490 _aKey Sociologists.
500 _aBibliography Chapterwise
650 _aSociology
942 _hYxNo3B:g, P2
_cGB
_2CC
999 _c579805
_d579805